| 000 | 00665nam a2200229 ia4500 | ||
|---|---|---|---|
| 005 | 20260419120013.0 | ||
| 008 | 260419t20252025my jr 000 0 may d | ||
| 020 |
_a9789672098539 _cRM5.90 _qpaperback |
||
| 040 |
_aPPAK _beng _cPPAK _erda |
||
| 082 | 0 | 4 |
_a899.231 _223 |
| 090 | 0 | 0 |
_a899.231 _bJOM _dK |
| 245 | 0 | 0 |
_aJom Belajar! : _nPANTUN TEKA-TEKI |
| 264 | 1 |
_aBatu Caves, Selangor : _bKiddibird Sdn Bhd, _c[2025?] |
|
| 264 | 4 | _c©2025 | |
| 300 |
_a64 pages ; _c21 cm |
||
| 336 |
_atext _2rdacontent |
||
| 337 |
_aunmediated _2rdamedia |
||
| 338 |
_avolume _2rdacarrier |
||
| 650 | 1 | 0 | _aPantoums |
| 650 | 2 | 0 | _aRiddles, Malay |
| 942 |
_2ddc _cB |
||
| 999 |
_c203904 _d203904 |
||